Normal view
MARC view
- A.C. Bhaktivedanta Swami Prabhupada
Entry Personal Name
001 - CONTROL NUMBER
- control field: 129044
003 - CONTROL NUMBER IDENTIFIER
- control field: NUST
005 - DATE AND TIME OF LATEST TRANSACTION
- control field: 20250521121924.0
008 - FIXED-LENGTH DATA ELEMENTS
- fixed length control field: 250521|| aca||aabn | a|a d
040 ## - CATALOGING SOURCE
- Original cataloging agency: NUST
- Transcribing agency: NUST
100 ## - HEADING--PERSONAL NAME
- Personal name: A.C. Bhaktivedanta Swami Prabhupada
670 ## - SOURCE DATA FOUND
- Source citation: Work cat.: (NUST)565240: A.C. Bhaktivedanta Swami Prabhupada, Bhagavad-Gita As it is /, 1980
